Nula od nuly pojde?
Projekt daňovej reformy v Nemecku. Boj proti nezamestnanosti a vplyv na reformu. Daňové príjmy z námedznej práce. Zdaňovanie dôchodkov podľa nového systému. Názor Združenia nemeckých priemyselných a obchodných komôr (DIHT) na znižovanie daní.
Salvato in:
| Autore principale: | |
|---|---|
| Natura: | Capitolo di libro |
| Lingua: | ceco |
| Soggetti: | |
| Tags: |
Nessun Tag, puoi essere il primo ad aggiungerne!!
|
MARC
| LEADER | 00000naa a2200000 4500 | ||
|---|---|---|---|
| 001 | r025976 | ||
| 005 | 20230920093656.4 | ||
| 041 | 0 | |a cze | |
| 044 | |a CZ | ||
| 245 | 1 | 0 | |a Nula od nuly pojde? |c V. Pick |
| 520 | |a Projekt daňovej reformy v Nemecku. Boj proti nezamestnanosti a vplyv na reformu. Daňové príjmy z námedznej práce. Zdaňovanie dôchodkov podľa nového systému. Názor Združenia nemeckých priemyselných a obchodných komôr (DIHT) na znižovanie daní. | ||
| 610 | 2 | 0 | |a dane |
| 610 | 2 | 0 | |a reformy daňové |
| 610 | 2 | 0 | |a Nemecko |
| 610 | 2 | 0 | |a nezamestnanosť |
| 610 | 2 | 0 | |a dane dôchodkové |
| 610 | 2 | 0 | |a zvýhodnenie daňové |
| 100 | 1 | |a Pick, V. | |